| 000 | 01099nam a22002057a 4500 | ||
|---|---|---|---|
| 999 |
_c58969 _d58969 |
||
| 003 | Ge_BSU | ||
| 005 | 20221025144239.0 | ||
| 008 | 221025s2006 ge ||||| |||| 00| 0 geo d | ||
| 020 | _a9994087274 | ||
| 041 | _ageo | ||
| 080 | _a316.7(042.4) ა-87 | ||
| 100 |
_aასათიანი, მარიკა _915534 |
||
| 245 |
_aკულტურის სოციოლოგია : _bსალექციო კურსი სოც. მეცნ. მაგისტრატურისათვის / _c მარიკა ასათიანი ; [მთ. რედ.: მარინე ჩიტაშვილი, ენობრ. რედ.: ლია კაჭარავა]. |
||
| 264 |
_aთბილისი : _bსოციალურ მეცნიერებათა ცენტრი, _c2006. |
||
| 300 |
_a86 გვ. ; _b29 სმ. |
||
| 490 | _aსოციალურ მეცნიერებათა სერია | ||
| 520 | _aრეზ. ინგლ. ენ. | ||
| 653 | _aკულტურის სოციოლოგია | ||
| 942 |
_2udc _cBK |
||